Foreign aid; (Record no. 81573)
[ view plain ]
| 000 -LEADER | |
|---|---|
| fixed length control field | 01464cam a22003251 4500 |
| 001 - CONTROL NUMBER | |
| control field | sa 68006856 |
| 003 - CONTROL NUMBER IDENTIFIER | |
| control field | DLC |
| 005 - DATE AND TIME OF LATEST TRANSACTION | |
| control field | 20260227112519.0 |
| 008 - FIXED-LENGTH DATA ELEMENTS--GENERAL INFORMATION | |
| fixed length control field | 711020s1968 ii b 000 0 eng |
| 010 ## - LIBRARY OF CONGRESS CONTROL NUMBER | |
| LC control number | sa 68006856 |
| 025 ## - OVERSEAS ACQUISITION NUMBER | |
| Overseas acquisition number | PL480:I-E-10164 |
| 040 ## - CATALOGING SOURCE | |
| Original cataloging agency | DLC |
| Transcribing agency | DLC |
| Modifying agency | DLC |
| 050 00 - LIBRARY OF CONGRESS CALL NUMBER | |
| Classification number | HC60 |
| Item number | .R367 1968 |
| 082 00 - DEWEY DECIMAL CLASSIFICATION NUMBER | |
| Classification number | 338.91 |
| 110 2# - MAIN ENTRY--CORPORATE NAME | |
| Corporate name or jurisdiction name as entry element | Research Committee on Foreign Aid. |
| 245 10 - TITLE STATEMENT | |
| Title | Foreign aid; |
| Remainder of title | a symposium, a survey and an appraisal |
| Statement of responsibility, etc. | [by the] Research Committee on Foreign Aid [of the] Indian Economic Centre, Indian International Group [and] Indian Council on Current Affairs, Calcutta. |
| 260 ## - PUBLICATION, DISTRIBUTION, ETC. | |
| Place of publication, distribution, etc. | [Calcutta, |
| Name of publisher, distributor, etc. | Indian Council on Current Affairs; distributors: Oxford Book & Stationery Co. |
| Date of publication, distribution, etc. | [1968] |
| 300 ## - PHYSICAL DESCRIPTION | |
| Extent | 544 p. |
| Dimensions | 25 cm. |
| 350 ## - PRICE (NR) (BK AM CF MU VM SE) [OBSOLETE] | |
| Price | Rs40 |
| 500 ## - GENERAL NOTE | |
| General note | "In commemoration of the second United Nations Conference on Trade and Development, New Delhi, February-March, 1968." |
| 500 ## - GENERAL NOTE | |
| General note | "Indian Economic Centre and Indian International Group, in collaboration with the Indian Council on Current Affairs, Calcutta, sponsored the present study on foreign aid." |
| 500 ## - GENERAL NOTE | |
| General note | "Selected readings": p. [539]-544. |
| 504 ## - BIBLIOGRAPHY, ETC. NOTE | |
| Bibliography, etc. note | Bibliographical footnotes. |
| 505 0# - FORMATTED CONTENTS NOTE | |
| Formatted contents note | A symposium.--The report. |
| 650 #0 - SUBJECT ADDED ENTRY--TOPICAL TERM | |
| Topical term or geographic name entry element | Economic assistance. |
| 710 2# - ADDED ENTRY--CORPORATE NAME | |
| Corporate name or jurisdiction name as entry element | United Nations Conference on Trade and Development. |
| 710 2# - ADDED ENTRY--CORPORATE NAME | |
| Corporate name or jurisdiction name as entry element | Indian Economic Centre. |
| 710 2# - ADDED ENTRY--CORPORATE NAME | |
| Corporate name or jurisdiction name as entry element | Indian International Group. |
| 710 2# - ADDED ENTRY--CORPORATE NAME | |
| Corporate name or jurisdiction name as entry element | Indian Council on Current Affairs. |
No items available.